NTC's dictionary of advertising
Сохранить в:
| Главный автор: | |
|---|---|
| Формат: | |
| Язык: | Undetermined |
| Опубликовано: |
U.S.A.
NTC Publising Group
1993
|
| Предметы: | |
| Метки: |
Добавить метку
Нет меток, Требуется 1-ая метка записи!
|
| Thư viện lưu trữ: | Trung tâm Học liệu Trường Đại học Cần Thơ |
|---|
| LEADER | 00499nam a2200193Ia 4500 | ||
|---|---|---|---|
| 001 | CTU_88968 | ||
| 008 | 210402s9999 xx 000 0 und d | ||
| 020 | |c 339000 | ||
| 082 | |a 659.103 | ||
| 082 | |b W642 | ||
| 100 | |a Wiechmann, Jack G. | ||
| 245 | 0 | |a NTC's dictionary of advertising | |
| 245 | 0 | |c Jack G. Wiechmann | |
| 260 | |a U.S.A. | ||
| 260 | |b NTC Publising Group | ||
| 260 | |c 1993 | ||
| 650 | |a Advertising | ||
| 904 | |i Năm | ||
| 980 | |a Trung tâm Học liệu Trường Đại học Cần Thơ | ||